000 00453nam a22001097a 4500
082 _a500
100 _aप्रसाद , एम .
_982636
245 _aरेलवे भर्ती बोर्ड द्वारा आयोजित RRB सामान्य विज्ञान प्वाइटर
260 _aप्रयागराज
_bग्रीन वर्ल्ड
_c2024
650 _aविज्ञान
942 _cC. BOOKS
999 _c67309
_d67309